|
|
|
|
| LEADER |
00000ny a22000003n 4500 |
| 005 |
20110510144236.0 |
| 008 |
100414s2000 mx z s 000 a spa d |
| 035 |
|
|
|a 2571
|
| 040 |
|
|
|a BUS
|d vLex
|
| 090 |
|
|
|c 1584
|d 1584
|
| 245 |
3 |
0 |
|a Tribunal Electoral del Poder Judicial de la Federacin̤
|h [Recurso electrn̤ico]
|
| 256 |
|
|
|a Servicio en ln̕ea
|
| 260 |
|
|
|a [Mx̌ico] :
|b [s.n.]
|
| 650 |
0 |
4 |
|a Sentencias
|x Publicaciones perid̤icas
|
| 650 |
0 |
4 |
|a Tribunales
|z Mx̌ico
|x Publicaciones perid̤icas
|
| 740 |
0 |
|
|a vLex Revista (Servicios en ln̕ea)
|
| 843 |
|
|
|a Electrn̤ica. Abierta
|
| 853 |
|
|
|8 1
|i (year)
|j (month)
|k (day)
|
| 856 |
4 |
0 |
|z Acceso restringido
|u http://vlex.com/source/tribunal-electoral-federacion-2571
|
| 942 |
|
|
|c REV
|